Statistics for Walton Goggins Filmography

Click here to take the quiz!

General Stats

  • This quiz has been taken 33 times
    (4 since last reset)
  • The average score is 18 of 104

Answer Stats

TypeYearName% Correct
Web Series2024Fallout
100%
TV Show2009Criminal Minds
67%
TV Show2007CSI: Crime Scene Investigation
67%
TV Show2009CSI: Miami
67%
Film2012Django Unchained
67%
Film2003House of 1000 Corpses
67%
TV Show2010-2015Justified
67%
TV Show2023Justified: City Primeval
67%
Film2010Predators
67%
Film2021Spirit Untamed
67%
TV Show2019-PresentThe Righteous Gemstones
67%
Film2024The Uninvited
67%
TV Show2017American Dad!
33%
Film2015American Ultra
33%
Film2018Ant-Man and the Wasp
33%
TV Film2002Beyond the Prairie, Part 2: The True Story of Laura Ingalls Wilder
33%
TV Film2000Beyond the Prairie: The True Story of Laura Ingalls Wilder
33%
Film2004Chrystal
33%
Film2011Cowboys & Aliens
33%
Film2001Daddy and Them
33%
Film2022Dreamin' Wild
33%
Film2020Fatman
33%
Web Series2023I'm a Virgo
33%
Web Series2021-PresentInvincible
33%
Film2012Lincoln
33%
Film2013Machete Kills
33%
TV Show1998NYPD Blue
33%
Video Game2017Prey
33%
Film2000Shanghai Noon
33%
Film1997Switchback
33%
Film2002The Bourne Identity
33%
Film2015The Hateful Eight
33%
Web Series2022The Last Days of Ptolemy Grey
33%
Film1994The Next Karate Kid
33%
TV Show2019-2021The Unicorn
33%
TV Show2025The White Lotus
33%
Film2005The World's Fastest Indian
33%
Film2017Three Christs
33%
Film2018Tomb Raider
33%
TV Show2016-2017Vice Principals
33%
Short Film20034 Selections from Plimpton County's Tuff Truck Jamboree
0%
Documentary Series2010Andrew Young Presents
0%
Short Film2003Apple Jack
0%
TV Show1992Beverly Hills, 90210
0%
Film2010Change in the Wind
0%
TV Show2014Community
0%
Film2009Damage
0%
TV Show2019Deep State
0%
Film2015Diablo
0%
Film1992Forever Young
0%
TV Film1993For Love and Glory
0%
TV Show2022-2023George & Tammy
0%
Film2013G.I. Joe: Retaliation
0%
TV Show2004Hawaii
0%
TV Film1996Humanoids from the Deep
0%
TV Show1993I'll Fly Away
0%
TV Show1989, 1991, 1992In the Heat of the Night
0%
TV Show1995JAG
0%
Short Film2020John Bronco
0%
Short Film2021John Bronco Rides Again
0%
Film2001Joy Ride
0%
TV Pilot2018L.A. Confidential
0%
Film1998Major League: Back to the Minors
0%
Film2018Maze Runner: The Death Cure
0%
Film2008Miracle at St. Anna
0%
Film2015Mojave
0%
Film1992Mr. Saturday Night
0%
TV Film1990Murder of Mississippi
0%
TV Film2001Murder, She Wrote: The Last Free Man
0%
TV Documentary2020NASA & SpaceX: Journey to the Future
0%
Film2013Officer Down
0%
TV Show1996Pacific Blue
0%
TV Mini-Series1993Queen
0%
FilmTBAQueen of the Ring
0%
Film2007Randy and the Mob
0%
Film2000Red Dirt
0%
TV Show1993Renegade
0%
TV Show2017-2018SIX
0%
TV Show2012-2014Sons of Anarchy
0%
TV Show2021Squidbillies
0%
TV Film1992Stay the Night
0%
Film2011Straw Dogs
0%
Film2009That Evening Sun
0%
Short Film2001The Accountant
0%
Film1997The Apostle
0%
Film2006The Architect
0%
Music Video2000The Best Things
0%
TV Show2018The Big Bang Theory
0%
TV Film1996The Cherokee Kid
0%
Film2000The Crow: Salvation
0%
Film2019Them That Follow
0%
TV Show1996The Sentinel
0%
TV Show2002-2008The Shield
0%
Video Game2007The Shield
0%
TV Show1995The Watcher
0%
TV Show2012Unsupervised
0%
Web Series2012Vanessa & Jan
0%
Short Film2007Veronica in the FBI
0%
Film1999Wayward Son
0%
Documentary2017We the People 2.0
0%
Video Game1995Wing Commander IV: The Price of Freedom
0%
Film2008Winged Creatures
0%
Film2020Words on Bathroom Walls
0%
Short Film2019Zinnia
0%

Score Distribution

Percentile by Number Answered

Percent of People with Each Score

Your Score History

You have not taken this quiz since the last reset